| 000 | 00849cam a2200217 4500 | ||
|---|---|---|---|
| 001 | WS118981 | ||
| 008 | 020722n 000 0 eng u | ||
| 035 | _a(Sirsi) u118981 | ||
| 110 |
_aUS Department of Commerce _94296 |
||
| 245 | _aNational Telecommunications and Information Administration | ||
| 520 | _aWeb site for this agency of the US Department of Commerce, its voice on domestic and international telecommunications and information technology issues. Includes press releases and publications. | ||
| 650 | _aGOVERNMENT | ||
| 650 | _aINTERNATIONAL | ||
| 650 | _aUSA | ||
| 650 | _aMANAGEMENT-BUSINESS MANAGEMENT-INFORMATION MANAGEMENT | ||
| 650 | _aSPECTRUM MANAGEMENT | ||
| 650 | _aGRANTS | ||
| 690 | _aTELECOMMUNICATIONS | ||
| 856 | 4 | 0 |
_uhttps://www.ntia.doc.gov _zView the website free of charge at www.ntia.doc.gov... |
| 942 | _n0 | ||
| 999 |
_c120125 _d120125 |
||